Statistics for Rainbow Six Siege Maps Quiz

Click here to take the quiz!

General Stats

  • This quiz has been taken 1,002 times
  • The average score is 15 of 20

Answer Stats

Map DescriptionAnswer% Correct
This map is located in the snowy mountains of Courchevel, France. Released in 2015 with the base game, this map can be found in the Newcomer, Quick Match, and Ranked Playlist.Chalet
87%
This map is located in Redmond, In a state I will not name. (Western U.S.) Originally launched with the base game, this map is found in the Quick Match and Ranked Playlists.Oregon
84%
This map is located in Ibiza, Spain. It was first introduced with Operation Velvet Shell in 2017, and is found in the Quick Match and Ranked Playlist.Coastline
83%
This map is set in the Middle East, with no specific location. This map was released with Operation Dust Line, and is found in the Quick Match and Ranked Playlist.Border
80%
This map is set in Hanover Germany. Released in 2015 with the base game. It can be in the Quick Match and Ranked Playlist.Clubhouse
80%
This map is located in the deserts of Australia, it was launched with Operation Burnt Horizon in 2019. It can be found in Quick Match and Ranked Playlists.Outback
79%
This map is found in Nagoya, Japan. It was first introduced in Operation Red Crow, and is found in the Quick Match and Ranked Playlists.Skyscraper
79%
This Map is located in Brazil. It was first introduced in Operation Skull Rain in 2016, and seems to be removed from any mode at this time.Favela
77%
Said to be located in Los Angeles California. This map first came around with the base game launch. Currently is disabled from any online mode.House
77%
This map is found in Moscow Russia. Was released with the base game back in 2015. It is currently found in Quick Match and Ranked playlists.Kafe Dostoyevsky
77%
Found in Seoul, South Korea, this map was introduced in Operation White Noise in 2017. It is only ofund in the Quick Match Playlist.Tower
75%
This map is said to be set in Los Angeles, California. Released on launch in 2015, this map is in the Newcomer, Quick Match, and Ranked Category of the game.Bank
73%
This map is found in Tuscany, Italy. Released in 2018 with Operation Para Bellum. Found in Quick Match and Ranked Playlists.Villa
73%
Found in Hong Kong, this map was the most recent map to be reworked. It first came to the game in Operation Blood Orchid, and is found in the Quick Match and Ranked Playlists.Theme Park
69%
This map is set in Baffin Bay. Operation Black Ice is when this map was released. It is only found in the Quick Match Playlist.Yacht
66%
Located in Morocco, this map was first introduced in Operation Wind Bastion in 2018. It is only found in Quick Match at this time.Fortress
62%
This map is found in Hamburg, Germany. Recently reworked, but initially released in base game. It can be found in Quick Match and Ranked Playlists.Kanal
61%
This map is located in Abidjan, Ivory Coast. It was first launched with the base game. Found in Newcomer, Quick Match, and Ranked Playlists.Consulate
60%
This map is located in the United Kingdom. It was released with base game and is found only in Quick Match.Hereford Base
59%
This map can be found in the United Kingdom. It first came to the game at launch. It is not found in any playlists at this time.Presidential Plane
59%

Score Distribution

Percentile by Number Answered

Percent of People with Each Score

Your Score History

You have not taken this quiz